=LDR 00000nam 2200000 4500 =001 INLIS000000000022329 =005 20130612121110 =008 ***********************************Ind** =035 ##$$0010-061300000022329 =041 ##$$a Ind =082 ##$$a 415.095 =090 ##$$a 415.095, Mar m =100 ##$$a Rattu =245 ##$$a Morfologi dan sintaksis bahasa tontemboan, Rattu =260 ##$$a 1993 $b Jakarta =300 ##$$a 166 hlm, 21 cm =650 ##$$a Sintaksis bahasa =850 ##$$a NBPNMAT